000 00994nam a2200265Ia 4500
003 OSt
005 20220923221757.0
006 a|||||r|||| 00| 0
007 ta
008 220922b |||||||| |||| 00| 0 hin d
024 _a199,974
037 _cTextual
040 _aARTS
_cARTS
_bhin
041 _2hin
_ahin
082 _aV2y7L24, 152M1
100 _aटैगोर, सौम्येन्द्रनाथ
245 0 _aराजाराम मोहन राय, शुभा वर्मा अनु
246 _aRājārām mohan rāya, shubhā varmā anu0
260 _aनई दिल्ली
_b साहित्य अकादेमी
_c1981
300 _a60पृ.
_ccm.
490 _aभारतीय साहित्य के निर्माता
650 _aविश्व-इतिहास
942 _hV2y7L24, 152M1
_cTEXL
_2CC
999 _c351676
_d351676